Dans Dragon Ball, comment s'appelle... - Statistiques

Statistiques générales
  • Ce quiz a été pris 64 fois
  • Le résultat moyen est 14 sur 25
Statistiques - réponses
Dans Dragon Ball, comment s'appelle(nt)... Réponse % Correct
...la société dirigée par le père de Bulma puis par Bulma ? Capsule Corp
87%
...la technique qui consiste à rassembler l'énergie vitale de beaucoup d'êtres pour la canaliser sous forme d'énorme boule d'énergie ? Genkidama
81%
...les boucles d'oreilles spéciales qui permettentla fusion de deux êtres ? Potalas
81%
...la fonction exercée par Beerus ? Dieu de la destruction
75%
...l'organisation militaire que Goku doit affronterdans Dragon Ball ? Ruban Rouge
75%
...le premier androide que l'on voit dans l'universde Dragon Ball ? C8
72%
...la transformation qui peut être atteinte par un Saiyan lorsqu'il regarde la pleine lune ? Ozaru
64%
...l'emblématique tournoi d'arts martiaux auquelGoku et ses amis participent plusieurs fois au cours de la série ? Tenkaichi Budokai
62%
...la transformation exclusive à Son Gohan dansDragon Ball Super ? Gohan Beast
60%
...la technique de destruction que Beerus enseigne àVegeta dans Dragon Ball Super ? Hakai
60%
...la pièce du Palais du Tout Puissant qui permetde s'entraîner en une journée l'équivalent d'une année sur Terre ? Salle de l'Esprit et du Temps
60%
...la technique qui permet de faire fusionner deux personnes avec une énergie similaire ? Danse Métamol
58%
...l'école d'art martiaux fondée par Kame Sennin ? Ecole de la Tortue
55%
...la transformation exclusive à Vegeta dans Dragon Ball Super ? Ultra Ego
55%
...la transformation atteinte par Son Gohan aprèsque le vieux Kaioshin ait débloqué son potentiel ? Ultimate Gohan
51%
...le tournoi organisé par Zeno entre les combattantsde 8 univers ? Tournoi du Pouvoir
49%
...les Dragon Balls gigantesques réparties entre l'Univers 6 et l'Univers 7 ? Super Dragon Balls
43%
...le peuple qui cohabitait autrefois avec les Saiyanssur leur planète ? Tsufuls
43%
...la race de Shin ? Kaioshin
42%
...l'appareil que les soldats de l'Armée de Freezeront qui lui permet d'évaluer la force de combat de leur adversaire en unités ? Scouter
42%
...le peuple qui a appris le Déplacement Instantanéà Goku ? Yardrats
40%
...la forme spéciale du Super Saiyan Blue développéepar Vegeta ? Super Saiyan Blue Evolution
38%
...la méthode de fusion particulière des Nameksentre eux ? Assimilation
30%
...le Buu tout mince et tout gris qui sort du corpsdu Gros Boo après qu'il se soit énervé ? Evil Buu
30%
...le monde dans lequel vivent les Démons, d'oùviennent Dabra et Gomah ? Daimakai
21%
Aucun quiz correspondant
Distribution des résultats
% des personnes avec chaque résultat
Percentile par nombre de réponses
Votre historique - résultats
Vous n’avez pas pris ce quiz